书目信息 |
| 题名: |
1995-2002书画拍卖集成
|
|
| 作者: | 欣弘 主编 | |
| 分册: | 民国书法 | |
| 出版信息: | 长沙 湖南美术出版社 2004 |
|
| 页数: | 154页 | |
| 开本: | 26cm | |
| 丛书名: | ||
| 单 册: | ||
| 中图分类: | J292 , J292.27 | |
| 科图分类: | ||
| 主题词: | 汉字--han zi--作品--书法--拍卖--中国--民国 , 书法--中国 , 篆刻--中国 | |
| 电子资源: | ||
| ISBN: | 7-5356-2096-5 | |
| 000 | 00908nam0 22002897 4500 | |
| 001 | 192004013025 | |
| 005 | 20110608090757.14 | |
| 010 | @a7-5356-2096-5@dCNY90.00 | |
| 100 | @a20080415d2004 ekmy0chiy0121 ea | |
| 101 | 0 | @achi |
| 102 | @aCN@b430000 | |
| 105 | @ah z 000yy | |
| 106 | @ar | |
| 200 | 1 | @a1995-2002书画拍卖集成@A1995-2003 shu hua pai mai ji cheng@i民国书法@f欣弘主编 |
| 205 | @a全彩版 | |
| 210 | @a长沙@c湖南美术出版社@d2004 | |
| 215 | @a154页@c摹真@d26cm | |
| 330 | @a本书主要收录了丁佛言、马公愚、马一浮、于右任、邓尔雅、邓散木、方若、王同 愈、王一亭等书法和绘画家的作品。 | |
| 517 | 1 | @a民国书法@Amin guo shu fa |
| 606 | 0 | @a汉字@Ahan zi@x作品@x书法@x拍卖@y中国@z民国 |
| 606 | 0 | @a书法@x中国 |
| 606 | 0 | @a篆刻@x中国 |
| 690 | @aJ292@v4 | |
| 690 | @aJ292.27@v4 | |
| 701 | 0 | @a欣弘@Axin hong@4主编 |
| 801 | 0 | @aCN@b海天@c20110608 |
| 905 | @a@dJ292@eX529@fF247.787/X529 | |
| 1995-2002书画拍卖集成.民国书法/欣弘主编.-全彩版.-长沙:湖南美术出版社,2004 |
| 154页:摹真;26cm |
| ISBN 7-5356-2096-5:CNY90.00 |
| 本书主要收录了丁佛言、马公愚、马一浮、于右任、邓尔雅、邓散木、方若、王同 愈、王一亭等书法和绘画家的作品。 |
| ● |
| 相关链接 |
|
|
|
正题名:1995-2002书画拍卖集成
索取号:J292/X529
 
预约/预借
| 序号 | 登录号 | 条形码 | 馆藏地/架位号 | 状态 | 备注 |
| 1 | 692758 | 206927584 | 社科库309/309社科库 78排4列2层/ [索取号:J292/X529] | 在馆 |